[Event "COL-ch U18"]
[Site "Bogota"]
[Date "2023.05.12"]
[Round "2"]
[White "Sanchez Fonseca, Alejandro"]
[Black "Negron Lizarazo, Juan Sebastian"]
[Result "0-1"]
[WhiteElo "1228"]
[BlackElo "1587"]
[PlyCount "54"]
[EventDate "2023.05.11"]
[EventType "swiss"]
[EventRounds "7"]
[EventCountry "COL"]
[SourceTitle "CBM 214 Extra"]
[Source "ChessBase"]
[SourceDate "2023.07.31"]
[SourceVersion "1"]
[SourceVersionDate "2023.07.31"]
[SourceQuality "1"]

1. e4 c5 2. Nf3 g6 3. Nc3 Bg7 4. Bc4 Nc6 5. d3 d6 6. Ng5 e6 7. 0-0 Nge7 8. Qf3 0-0 9. Qh3 h6 10. Nf3 h5 11. Bg5 d5 12. exd5 exd5 13. Bb5 Bxh3 14. gxh3 Qd7 15. Bxc6 Nxc6 16. Rfe1 Qxh3 17. Nd2 Qg4+ 18. Kf1 Qxg5 19. Re2 Rfe8 20. Rae1 Rxe2 21. Rxe2 Nd4 22. f4 Qxf4+ 23. Rf2 Qg4 24. Nxd5 Qh3+ 25. Rg2 Qf5+ 26. Rf2 Qxd5 27. c4 Qh1# 0-1

[Event "Bucaramanga Santander-ch"]
[Site "Bucaramanga"]
[Date "2023.04.01"]
[Round "4"]
[White "Baron Cabrera, Julian Enrique"]
[Black "Sanchez Fonseca, Alejandro"]
[Result "0-1"]
[WhiteElo "1206"]
[BlackElo "1294"]
[PlyCount "70"]
[EventDate "2023.03.31"]
[EventType "swiss"]
[EventRounds "7"]
[EventCountry "COL"]
[SourceTitle "CBM 213 Extra"]
[Source "ChessBase"]
[SourceDate "2023.05.31"]
[SourceVersion "1"]
[SourceVersionDate "2023.05.31"]
[SourceQuality "1"]

1. d4 d5 2. Nf3 Nc6 3. c4 Nf6 4. e3 Bg4 5. h3 Bh5 6. g4 Bg6 7. Ne5 Be4 8. f3 Bg6 9. Nxg6 hxg6 10. Bd3 dxc4 11. Bxc4 e6 12. Nc3 Bb4 13. a3 Ba5 14. b4 Bb6 15. d5 exd5 16. Nxd5 0-0 17. Nxf6+ Qxf6 18. Bd2 Rad8 19. Qc1 Ne5 20. 0-0 Nxf3+ 21. Kh1 Qc6 22. Bxf7+ Rxf7 23. Qxc6 bxc6 24. Bc3 Rd3 25. Kg2 Rxe3 26. Bd2 Nxd2 27. Rfc1 Rff3 28. Ra2 Re2+ 29. Kh1 Ref2 30. Rg1 Rf1 31. Rxf1 Nxf1 32. Rf2 Bxf2 33. h4 Rg3 34. h5 c5 35. bxc5 Rg1# 0-1

[Event "Bucaramanga Santander-ch"]
[Site "Bucaramanga"]
[Date "2022.04.09"]
[Round "3"]
[White "Sanchez Fonseca, Alejandro"]
[Black "Rosales Espinel, Julio David"]
[Result "0-1"]
[WhiteElo "1286"]
[BlackElo "1251"]
[PlyCount "40"]
[EventDate "2022.04.08"]
[EventType "swiss"]
[EventRounds "8"]
[EventCountry "COL"]
[SourceTitle "CBM 207 Extra"]
[Source "ChessBase"]
[SourceDate "2022.05.31"]
[SourceVersion "1"]
[SourceVersionDate "2022.05.31"]
[SourceQuality "1"]

1. e4 e6 2. d4 d5 3. Nc3 Bb4 4. Bb5+ Bd7 5. Bxd7+ Qxd7 6. a3 Bxc3+ 7. bxc3 dxe4 8. Bf4 Nf6 9. Rb1 b6 10. a4 Nd5 11. c4 Nxf4 12. c5 Nd5 13. cxb6 axb6 14. c4 Nc3 15. Qc2 Nxb1 16. Qxb1 Qxa4 17. Qxe4 Qa1+ 18. Ke2 Ra3 19. Qb7 Qb2+ 20. Kf1 Ra1# 0-1